The Iliad of Homer / (Record no. 112991)
[ view plain ]
| 000 -LEADER | |
|---|---|
| campo de control de longitud fija | 01837cam a2200433 a 4500 |
| 001 - NÚMERO DE CONTROL | |
| campo de control | 17247672 |
| 003 - IDENTIFICADOR DE NÚMERO DE CONTROL | |
| campo de control | BJBSDDR |
| 005 - FECHA Y HORA DE LA ÚLTIMA TRANSACCIÓN | |
| campo de control | 20230411090132.0 |
| 008 - DATOS DE LONGITUD FIJA--INFORMACIÓN GENERAL | |
| campo de control de longitud fija | 120409s1999 vau b 000 0 eng |
| 010 ## - NÚMERO DE CONTROL DE LA BIBLIOTECA DEL CONGRESO | |
| Número de control de LC | 2011377509 |
| 020 ## - NÚMERO INTERNACIONAL ESTÁNDAR DEL LIBRO | |
| Número Internacional Estándar del Libro | 1565858417 |
| 020 ## - NÚMERO INTERNACIONAL ESTÁNDAR DEL LIBRO | |
| Número Internacional Estándar del Libro | 9791565858410 |
| 040 ## - FUENTE DE CATALOGACIÓN | |
| Centro catalogador/agencia de origen | DLC |
| Centro/agencia transcriptor | DLC |
| 042 ## - CÓDIGO DE AUTENTICACIÓN | |
| Código de autenticación | pcc |
| 050 00 - SIGNATURA TOPOGRÁFICA DE LA BIBLIOTECA DEL CONGRESO | |
| Número de clasificación | LB 14.6 |
| Número de ítem | V245i 1999 |
| 082 ## - NÚMERO DE LA CLASIFICACIÓN DECIMAL DEWEY | |
| Número de edición | 370 |
| 100 1# - ENTRADA PRINCIPAL--NOMBRE DE PERSONA | |
| Nombre de persona | Vandiver, Elizabeth, |
| 9 (RLIN) | 6331 |
| Fechas asociadas al nombre | 1956- |
| 130 ## - ENTRADA PRINCIPAL--TÍTULO UNIFORME | |
| 9 (RLIN) | 6091 |
| Título uniforme | The Great Courses |
| 245 14 - MENCIÓN DEL TÍTULO | |
| Título | The Iliad of Homer / |
| Mención de responsabilidad, etc. | Elizabeth Vandiver. |
| 260 ## - PUBLICACIÓN, DISTRIBUCIÓN, ETC. | |
| Lugar de publicación, distribución, etc. | Chantilly, Va. : |
| Nombre del editor, distribuidor, etc. | Teaching Co., |
| Fecha de publicación, distribución, etc. | 1999. |
| 300 ## - DESCRIPCIÓN FÍSICA | |
| Extensión | iv, 209 pages ; |
| Dimensiones | 21 cm. |
| 440 ## - MENCIÓN DE SERIE/PUNTO DE ACCESO ADICIONAL--TÍTULO | |
| 9 (RLIN) | 6419 |
| Título | Great courses |
| 490 0# - MENCIÓN DE SERIE | |
| Mención de serie | The great courses |
| 500 ## - NOTA GENERAL | |
| Nota general | Course no. 301.<br/> |
| 500 ## - NOTA GENERAL | |
| Nota general | "Lecture transcript and course guidebook"--Cover. |
| 505 ## - NOTA DE CONTENIDO CON FORMATO | |
| Nota de contenido con formato | Introduction to Homeric epic --<br/>The Homeric question --<br/>Glory, honor and the wrath of Achilles --<br/>Within the walls of Troy --<br/>The embassy to Achilles --<br/>The paradox of glory --<br/>The role of the gods --<br/>The longest day --<br/>The death of Patroklos --<br/>Achilles returns to battle --<br/>Achilles and Hector --<br/>Enemies' tears, Achilles and Priam. |
| 520 ## - RESUMEN, ETC. | |
| Sumario, etc. | Dr. Vandiver introduces the great epic of ancient Greeks, the Iliad. She addresses critical and interpretative issues, and gives background information on cultural assumptions |
| 600 00 - PUNTO DE ACCESO ADICIONAL DE MATERIA--NOMBRE DE PERSONA | |
| 9 (RLIN) | 6457 |
| Nombre de persona | Homero, |
| Fechas asociadas al nombre | fl. siglo IX? a.C. |
| Título de la obra | La Iliada |
| Subdivisión general | Crítica e interpretación. |
| 630 30 - PUNTO DE ACCESO ADICIONAL DE MATERIA--TÍTULO UNIFORME | |
| 9 (RLIN) | 6458 |
| Título uniforme | La iliada |
| Subdivisión general | Análisis literario |
| 650 #4 - PUNTO DE ACCESO ADICIONAL DE MATERIA--TÉRMINO DE MATERIA | |
| Término de materia o nombre geográfico como elemento de entrada | Educación |
| 9 (RLIN) | 1877 |
| 650 #4 - PUNTO DE ACCESO ADICIONAL DE MATERIA--TÉRMINO DE MATERIA | |
| Término de materia o nombre geográfico como elemento de entrada | Enseñanza |
| 9 (RLIN) | 6089 |
| 650 #4 - PUNTO DE ACCESO ADICIONAL DE MATERIA--TÉRMINO DE MATERIA | |
| Término de materia o nombre geográfico como elemento de entrada | Poesía épica griega |
| 9 (RLIN) | 6339 |
| 650 #4 - PUNTO DE ACCESO ADICIONAL DE MATERIA--TÉRMINO DE MATERIA | |
| Término de materia o nombre geográfico como elemento de entrada | Mitología griega |
| 9 (RLIN) | 6332 |
| 710 2# - ENTRADA AGREGADA--NOMBRE DE ENTIDAD CORPORATIVA | |
| 9 (RLIN) | 6101 |
| Nombre de entidad corporativa o nombre de jurisdicción como elemento de entrada | Teaching Company |
| 830 ## - PUNTO DE ACCESO ADICIONAL DE SERIE-TÍTULO UNIFORME | |
| 9 (RLIN) | 6091 |
| Título uniforme | The Great Courses |
| 906 ## - ELEMENTOS DE DATOS F LOCAL, LDF (RLIN) | |
| a | 7 |
| b | cbc |
| c | orignew |
| d | 2 |
| e | ncip |
| f | 20 |
| g | y-gencatlg |
| 942 ## - ELEMENTOS DE ENTRADA SECUNDARIOS (KOHA) | |
| Fuente del sistema de clasificación o colocación | Clasificación de Library of Congress |
| Tipo de ítem Koha | Libro |
| Estatus retirado | Estado de pérdida | Fuente del sistema de clasificación o colocación | Estado de daño | No para préstamo | Colección | Biblioteca de origen | Biblioteca actual | Ubicación en estantería | Fecha de adquisición | Signatura topográfica completa | Código de barras | Visto por última vez | Copia número | Tipo de ítem Koha |
|---|---|---|---|---|---|---|---|---|---|---|---|---|---|---|
| Clasificación de Library of Congress | Humanidades | Biblioteca Juan Bosch | Biblioteca Juan Bosch | Humanidades (4to. Piso) | 25/07/2019 | LB 14.6 V245i 1999 | 00000136970 | 25/07/2019 | 1 | Libro |
